Top 10 Countries With The Most Landmines Quiz Stats

 Plays Quiz not verified by Sporcle

Challenge
Share
Tweet
Embed
Score 0/10 Timer 07:00
0 Plays Today
Landmine Count Country % Correct
10 MillionIraq
80.5%
10 MillionAfghanistan
78.2%
16 MillionIran
77.1%
1 MillionSomalia
69.9%
8-10 MillionCambodia
64.3%
23 MillionEgypt
62.5%
3 MillionBosnia And Herzegovina
53.5%
10-20 MillionAngola
52.4%
3 MillionMozambique
41.6%
5 MillionKuwait
38.7%

You're not logged in!

Compare scores with friends on all Sporcle quizzes.
OR
Log In

You Might Also Like...

Show Comments

Extras

Top Quizzes Today


Score Distribution

Your Account Isn't Verified!

In order to create a playlist on Sporcle, you need to verify the email address you used during registration. Go to your Sporcle Settings to finish the process.

Report this User

Report this user for behavior that violates our Community Guidelines.

Details: